000 01159nam a2200385 a 4500
003 AR-BaBNM
005 20251128204403.0
008 082120s2002 ||||||||||||||000 | spa||
040 _cAR-BaBNM
100 1 _aCassani, Juan Emilio
245 0 0 _aDidáctica general de la enseñanza media
250 _a2ª ed.
260 _aBuenos Aires
_bLibrería del Colegio
_c1978
300 _a376 p.
490 0 _aBiblioteca nueva pedagogía
_vv. 23
500 _aContiene lista de títulos de la colección
650 4 _aDIDACTICA
650 4 _aPRINCIPIOS EDUCACIONALES
650 4 _aRELACION ALUMNO-DOCENTE
650 4 _aEDUCACION COMPARADA
650 4 _aROL DEL DOCENTE
650 4 _aACTIVIDADES DE APRENDIZAJE
650 4 _aHISTORIA DE LA EDUCACION
650 4 _aCONTENIDO DEL PROGRAMA
650 4 _aPROGRAMAS DE ENSEÑANZA
650 4 _aPLAN DE ESTUDIOS DE SECUNDARIA
650 4 _aPLAN DE ESTUDIOS
650 4 _aMETODOS DE ENSEÑANZA
650 4 _aREFORMA DE LA EDUCACION
653 _aEDUCACION SECUNDARIA
653 _aCONTENIDOS CURRICULARES
800 1 _aManganiello, Ethel María
_edirector
942 _cBK
998 _cMARTIN
999 _c7254
_d7254